LEADER 05779nam 2200769 a 450 001 9910823880903321 005 20200520144314.0 010 $a9786612042447 010 $a9781444304435 010 $a1444304437 010 $a9781282042445 010 $a1282042440 010 $a9781444304442 010 $a1444304445 035 $a(CKB)1000000000749509 035 $a(EBL)428290 035 $a(OCoLC)476273480 035 $a(SSID)ssj0000297565 035 $a(PQKBManifestationID)11258417 035 $a(PQKBTitleCode)TC0000297565 035 $a(PQKBWorkID)10334918 035 $a(PQKB)10809301 035 $a(MiAaPQ)EBC428290 035 $a(Au-PeEL)EBL428290 035 $a(CaPaEBR)ebr10345778 035 $a(CaONFJC)MIL204244 035 $a(PPN)143282255 035 $a(Perlego)2768917 035 $a(EXLCZ)991000000000749509 100 $a20070919d2007 uy 0 101 0 $aeng 135 $aur|n|---||||| 181 $ctxt 182 $cc 183 $acr 200 10$aGlacial sedimentary processes and products /$fedited by Michael J. Hambrey ... [et al.] 205 $a1st ed. 210 $aMalden, MA ;$aOxford $cIAS/Blackwell Pub.$d2007 215 $a1 online resource (436 p.) 225 0 $aInternational Association of Sedimentologists special publications ;$v39 300 $a"Special publication number 39 of the International Association of Sedimentologists." 300 $aPapers presented at the International Conference on "Glacial Sedimentary Processes and Products" held at the University of Wales, Aberystwyth in August 2005. 311 08$a9781405183000 311 08$a1405183004 320 $aIncludes bibliographical references and index. 327 $a""Preface""; ""Foreword""; ""Introduction to Papers""; ""Part 1 Glacier dynamics and sedimentation""; ""Hydrological connections between Antarctic subglacial lakes, the flow of water beneath the East Antarctic Ice Sheet and implications for sedimentary processes""; ""Sedimentology, structural characteristics and morphology of a Neoglacial high-Arctic moraine-mound complex: Midre Lovenbreen, Svalbard""; ""A new laboratory apparatus for investigating clast ploughing""; ""Part 2 Modelling glaciers and ice sheets"" 327 $a""A coupled ice-sheet/ice-shelf/sediment model applied to a marine-margin flowline: forced and unforced variations""""A brief review on modelling sediment erosion, transport and deposition by former large ice sheets""; ""Part 3 Quaternary glacial systems""; ""Glaciomarine sediment drifts from Gerlache Strait, Antarctic Peninsula""; ""Sedimentary signatures of the Waterloo Moraine, Ontario, Canada""; ""Estimating episodic permafrost development in northern Germany during the Pleistocene""; ""Lake-level control on ice-margin subaqueous fans, glacial Lake Rinteln, Northwest Germany"" 327 $a""Seasonal controls on deposition of Late Devensian Glaciolacustrine Sediments, Central Ireland""""Anatomy and facies association of a drumlin in Co. Down, Northern Ireland, from seismic and electrical resistivity surveys""; ""The Newbigging esker system, Lanarkshire, Southern Scotland: a model for composite tunnel, subaqueous fan and supraglacial esker sedimentation""; ""The age and origin of the Blakeney esker of north Norfolk: implications for the glaciology of the southern North Sea Basin"" 327 $a""Sediments and landforms in an upland glaciated-valley landsystem: upper Ennerdale, English Lake District""""Part 4 Pre-Quaternary glacial systems""; ""Cenozoic climate and sea level history from glacimarine strata off the Victoria Land coast, Cape Roberts Project, Antarctica""; ""Glacial stress field orientation reconstructed through micromorphology and m X-ray computed tomography of till""; ""The Late Ordovician glacial sedimentary system of the North Gondwana platform""; ""The Ordovician glaciation in Eritrea and Ethiopia, NE Africa"" 327 $a""Neoproterozoic glaciated basins: a critical review of the Snowball Earth hypothesis by comparison with Phanerozoic glaciations""""Index"" 330 8 $aAssociating ice masses with the transport and deposition of sediments has long formed a central theme in glaciology and glacial geomorphology. The reason for this focus is clear, in that ice masses are responsible for much of the physical landscape which characterizes the Earth's glaciated regions. This association also holds at a variety of scales, for example, from the grain-size characteristics of small-scale moraines to the structural architecture of large-scale, glacigenic sedimentary sequences in both surface and subaqueous environments. This volume brings numerous state-of-the-art research contributions together, each relating to a different physical setting, spatial scale, process or investigative technique. The result is a diverse and interesting collection of papers by glaciologists, numerical modellers and glacial geologists, which are all linked by the theme of investigating the relationships between the behaviour of ice masses and their resulting sedimentary sequences. 410 0$aSpecial Publication Number 39 of the International Association of Sedimentologists 606 $aDrift$vCongresses 606 $aGlacial landforms$vCongresses 615 0$aDrift 615 0$aGlacial landforms 676 $a551.31/5 701 $aHambrey$b M. J$0878739 712 02$aInternational Association of Sedimentologists. 712 12$aInternational Conference on "Glacial Sedimentary Processes and Products" 801 0$bMiAaPQ 801 1$bMiAaPQ 801 2$bMiAaPQ 906 $aBOOK 912 $a9910823880903321 996 $aGlacial sedimentary processes and products$91961938 997 $aUNINA LEADER 07937nam 2200721Ia 450 001 9910965598903321 005 20251116140737.0 010 $a9786610193080 010 $a9780309176156 010 $a0309176158 010 $a9781280193088 010 $a1280193085 010 $a9780309568852 010 $a0309568854 010 $a9780585335759 010 $a0585335753 035 $a(CKB)110986584751662 035 $a(OCoLC)613360190 035 $a(CaPaEBR)ebrary10071342 035 $a(SSID)ssj0000148386 035 $a(PQKBManifestationID)12010588 035 $a(PQKBTitleCode)TC0000148386 035 $a(PQKBWorkID)10225256 035 $a(PQKB)11374318 035 $a(MiAaPQ)EBC3564065 035 $a(Au-PeEL)EBL3564065 035 $a(CaPaEBR)ebr10071342 035 $a(CaONFJC)MIL19308 035 $a(OCoLC)929504671 035 $a(Perlego)4735001 035 $a(BIP)1986585 035 $a(EXLCZ)99110986584751662 100 $a20001031d2000 uy 0 101 0 $aeng 135 $aurcn||||||||| 181 $ctxt$2rdacontent 182 $cc$2rdamedia 183 $acr$2rdacarrier 200 00$aEnvironmental issues in Pacific Northwest forest management /$fCommittee on Environmental Issues in Pacific Northwest Forest Management, Board on Biology, Commission on Life Sciences, National Research Council 205 $a1st ed. 210 $aWashington, D.C. $cNational Academy Press$dc2000 215 $a1 online resource (xvii, 259 pages) $cillustrations, maps 300 $aBibliographic Level Mode of Issuance: Monograph 311 0 $a9780309053280 311 0 $a0309053285 320 $aIncludes bibliographical references (p. 211-253). 327 $aENVIRONMENTAL ISSUES IN PACIFIC NORTHWEST FOREST MANAGEMENT -- Copyright -- PREFACE -- Contents -- EXECUTIVE SUMMARY -- THE REGION -- THE DYNAMICS OF PACIFIC NORTHWEST LANDSCAPES -- THE BIOLOGICAL DIVERSITY OF PACIFIC NORTHWEST FORESTS -- OLD-GROWTH FORESTS -- FOREST PRODUCTS SUBSTITUTION -- FOREST MANAGEMENT AND HUMAN COMMUNITIES -- FOREST MANAGEMENT FOR THE FUTURE -- RESEARCH RECOMMENDATIONS -- 1 THE PROMISED LAND: THE LAND OF PROMISE -- INTRODUCTION -- Loss of the Frontier -- Changing Knowledge Base -- Changing Social Values -- THE STUDY AREA -- OTHER MAJOR STUDIES AND REPORTS -- THIS REPORT -- 2 THE REGION AND ITS FORESTS -- INTRODUCTION -- A BRIEF HISTORY -- DEMOGRAPHICS AND THE ECONOMY -- Population Growth -- Economic Implications of Population Growth -- THE REGION'S FORESTS -- Westside Forests -- Eastside Forests -- Northern Rocky Mountains -- REGIONAL OWNERSHIP PATTERNS -- SUMMARY -- 3 OLD-GROWTH FORESTS -- INTRODUCTION -- WHAT IS VEGETATIVE SUCCESSION? -- WHAT IS AN OLD-GROWTH FOREST? -- Time Required for Old-Growth Development -- Old-Growth Landscapes -- Managed Forests and Old-Growth Characteristics -- Stand Size -- BIOLOGICAL FUNCTIONS OF OLD-GROWTH AND LATE-SUCCESSIONAL FORESTS -- Species Diversity -- Logs and Woody Debris -- Susceptibility to Disturbance -- AQUATIC ECOSYSTEMS -- EXTENT AND STATUS OF OLD-GROWTH FORESTS -- SUMMARY -- 4 THE STATUS AND FUNCTIONING OF PACIFIC NORTHWEST FORESTS -- INTRODUCTION -- FOREST CONDITION -- General Criteria of Condition -- The Role of Biological Diversity -- Resistance and Resilience -- Landscape Change and Threats to Biodiversity -- Diseases and Pests -- Incidence of Pest and Disease Outbreaks -- STATUS OF OTHER PLANT SPECIES -- STATUS OF WILDLIFE -- Salmon and Other Fisheries -- Invertebrates -- Fungi -- VIABLE POPULATIONS AND THE CONSERVATION OF BIODIVERSITY -- Demographic Factors. 327 $aGenetic Factors -- Population Viability Analysis -- 5 FOREST SUCCESSION, FIRE, AND LANDSCAPE DYNAMICS -- INTRODUCTION -- CONCEPTS OF SUCCESSION AND LANDSCAPE DYNAMICS -- FIRE AND LANDSCAPE DYNAMICS -- Presettlement Fire Regimes and Successional Change -- Human Alteration of Fire Regimes -- NATURAL DISTURBANCE AND HUMAN MANAGEMENT: AN ECOLOGICAL COMPARISON -- Landscape Considerations -- Fuels -- Nutrient Fluxes -- Biological Diversity -- 6 PRODUCTS FROM THE FORESTS -- PACIFIC NORTHWEST WOOD PRODUCTS IN THE NATIONAL ECONOMY -- PRODUCTS IN NATIONAL AND INTERNATIONAL MARKETS -- EFFECTS OF CHANGES IN FEDERAL TIMBER HARVESTS IN THE PACIFIC NORTHWEST -- Increased Harvests at the Extensive Margin -- Increased Harvests at the Intensive Margin -- Increased Use of Hardwoods -- Technology Changes -- Materials Substitution -- ENVIRONMENTAL EFFECTS -- IMPLICATIONS FOR OTHER REGIONS -- EFFECTS ON REGIONAL AND NATIONAL INCOME -- CHANGE AND INCENTIVES -- NONWOOD PRODUCTS FROM FORESTS -- Wildlife-Related Recreation -- Other Forest-Related Recreation -- Fisheries -- Mushrooms -- Water -- Effects of Changes in Management of Pacific Northwest Forests on Nonwood Products -- REGIONAL ECONOMIC EFFECTS -- SUMMARY -- 7 FOREST MANAGEMENT AND RURAL COMMUNITIES IN THE PACIFIC NORTHWEST -- RURAL ECONOMIC WELL BEING AND NATURAL-RESOURCE INDUSTRIES -- TIMBER DEPENDENCY AND COMMUNITY WELL BEING -- DIVERSIFICATION IN RURAL COMMUNITIES OF THE PACIFIC NORTHWEST -- IN-MIGRATION -- POVERTY AND PLENTY-ANGER AND HOPE IN THE PACIFIC NORTHWEST -- SUMMARY -- 8 A FRAMEWORK FOR SUSTAINABLE FOREST MANAGEMENT -- INTRODUCTION -- ELEMENTS OF FOREST MANAGEMENT -- Land Allocation -- Rationing Uses -- Harvesting -- Investment -- Examples of forest investment -- Positive and negative incentives to forest investment -- MEETING THE GOALS OF SUSTAINABLE FOREST MANAGEMENT. 327 $aA FRAMEWORK FOR SUSTAINABLE FOREST MANAGEMENT -- Operational Goals -- Managing in Context and Across Scales of Space and Time -- APPROACHES TO MANAGING FOR DIVERSITY: GENERAL CONSIDERATIONS -- Reserves -- Logging to Improve Forest Health -- Management for Complexity and Diversity -- Variability and Change -- Uncertainty and Surprise -- Humans as Ecosystem Components -- Making Management Adaptable -- Resolving Conflicts -- 9 CONCLUSIONS AND RECOMMENDATIONS -- FORESTRY PRACTICES IN THE PACIFIC NORTHWEST -- WHAT IS OLD-GROWTH? -- OLD-GROWTH MANAGEMENT -- FOREST PRODUCTS SUBSTITUTION -- RESEARCH RECOMMENDATIONS -- REFERENCES -- GLOSSARY. 330 $aPeople are demanding more of the goods, services, and amenities provided by the forests of the Pacific Northwest, but the finiteness of the supply has become clear. This issue involves complex questions of biology, economics, social values, community life, and federal intervention. Forests of the Pacific Northwest explains that economic and aesthetic benefits can be sustained through new approaches to management, proposes general goals for forest management, and discusses strategies for achieving them. Recommendations address restoration of damaged areas, management for multiple uses, dispute resolution, and federal authority. The volume explores the market role of Pacific Northwest wood products and looks at the implications if other regions should be expected to make up for reduced timber harvests. The book also reviews the health of the forested ecosystems of the region, evaluating the effects of past forest use patterns and management practices. It discusses the biological importance, social significance, and management of old-growth as well as late-succession forests. This volume will be of interest to public officials, policymakers, the forest products industry, environmental advocates, researchers, and concerned residents. 606 $aForest management$zNorthwest, Pacific 606 $aForests and forestry$zNorthwest, Pacific 615 0$aForest management 615 0$aForests and forestry 676 $a333.75/16/09795 712 02$aNational Research Council (U.S.).$bCommittee on Environmental Issues in Pacific Northwest Forest Management. 801 0$bMiAaPQ 801 1$bMiAaPQ 801 2$bMiAaPQ 906 $aBOOK 912 $a9910965598903321 996 $aEnvironmental issues in Pacific Northwest forest management$94362395 997 $aUNINA